UM Logo

Technical report writing 1 : (Record no. 683)

MARC details
000 -LEADER
fixed length control field 00694nam a22001817a 4500
008 - FIXED-LENGTH DATA ELEMENTS--GENERAL INFORMATION
fixed length control field 160116b xxu||||| |||| 00| 0 eng d
020 ## - INTERNATIONAL STANDARD BOOK NUMBER
International Standard Book Number 978-971-9612-06-3
082 ## - DEWEY DECIMAL CLASSIFICATION NUMBER
Edition number 2014
Classification number DFil 808.0666363
Item number N15t
100 ## - MAIN ENTRY--PERSONAL NAME
9 (RLIN) 1821
Personal name Nano, Maria Cristina B.
245 ## - TITLE STATEMENT
Title Technical report writing 1 :
Remainder of title for criminology students/
Statement of responsibility, etc. Maria Cristina Bajado-Nano and paulino Ventic Pioquinto
260 ## - PUBLICATION, DISTRIBUTION, ETC. (IMPRINT)
Place of publication, distribution, etc. Quezon City :
Name of publisher, distributor, etc. Wiseman's Book Trading,
Date of publication, distribution, etc. c2014.
300 ## - PHYSICAL DESCRIPTION
Extent 182 pages :
Other physical details illustrations ;
Dimensions 28 cm.
521 ## - TARGET AUDIENCE NOTE
Target audience note Includes bibliographical references (p. 178-180).
650 #0 - SUBJECT ADDED ENTRY--TOPICAL TERM
9 (RLIN) 1824
Topical term or geographic name as entry element Technical writing
650 #0 - SUBJECT ADDED ENTRY--TOPICAL TERM
9 (RLIN) 1825
Topical term or geographic name as entry element Report writing
700 ## - ADDED ENTRY--PERSONAL NAME
9 (RLIN) 1822
Personal name Pioquinto, Paulino V.
942 ## - ADDED ENTRY ELEMENTS (KOHA)
Source of classification or shelving scheme Dewey Decimal Classification
Koha item type Books
Holdings
Withdrawn status Lost status Source of classification or shelving scheme Damaged status Not for loan Collection code Home library Current library Shelving location Date acquired Source of acquisition Total Checkouts Full call number Barcode Date last seen Date last checked out Copy number Price effective from Koha item type
    Dewey Decimal Classification     Filipiniana UM Digos College - LIC UM Digos College - LIC Book Cart 12/02/2015 Purchased 2 DFil 808.0666363 N15t 2014 23847 05/15/2025 08/04/2017 1 01/16/2016 Filipiniana
    Dewey Decimal Classification     Filipiniana UM Digos College - LIC UM Digos College - LIC Book Cart 12/02/2015 Purchased 3 DFil 808.0666363 N15t 2014 23848 05/15/2025 01/18/2021 2 01/16/2016 Filipiniana
    Dewey Decimal Classification     Filipiniana UM Digos College - LIC UM Digos College - LIC Book Cart 12/02/2015 Purchased 2 DFil 808.0666363 N15t 2014 23849 05/15/2025 01/23/2024 3 01/16/2016 Filipiniana
    Dewey Decimal Classification     Filipiniana UM Digos College - LIC UM Digos College - LIC Book Cart 08/28/2015 Purchased   DFil 808.0666363 N15t 2014 23635 05/15/2025   4 07/31/2019 Filipiniana